Citations d'OSS 117 (QCM) - Statistiques

Statistiques générales
  • Ce quiz a été pris 2 417 fois
  • Le résultat moyen est 9 sur 10
Statistiques - réponses
Question Réponse % Correct
"J'aime me beurrer la ____." biscotte
98%
"Comment est votre _____ ?" blanquette
97%
" – Je n’ai jamais pu refuser quoi que ce soit d’une brune aux yeux marrons […] – Et si j’étais naine et myope ? – Eh bien je ne vous _____, ça n’a pas de sens." laisserais pas conduire
96%
"À l'occasion, je vous mettrai un petit coup de _____" polish
94%
" – Tous les allemands ne sont pas Nazis monsieur. – Oui, je connais _____." cette théorie
91%
"C'est la piquette _____ ! Tu sais pas jouer _____ ! T'es mauvais !" Jack
90%
"Quand une femme change d’homme, elle change de _____." coiffure
89%
"Tu n'es pas seulement un lâche mais aussi un traitre, comme _____ le laissait deviner !" ta petite taille
88%
"C'est marrant, c'est toujours _____ qui ont le mauvais rôle. Nous sommes en 1955, herr Bramard, on peut avoir une deuxième chance, merci." les nazis
78%
"Attention , je n'ai rien contre _____, mais ça ne marche pas." la modernité
38%
Aucun quiz correspondant
Distribution des résultats
% des personnes avec chaque résultat
Percentile par nombre de réponses
Votre historique - résultats
Vous n’avez pas pris ce quiz